Development of high power microwave compressors; Instruments and Experimental Techniques; № 3

מידע ביבליוגרפי
Parent link:Instruments and Experimental Techniques
№ 3.— 2004.— P. 372-375
מחברים אחרים: Novikov S. A. Sergey Avtonomovich, Yushkov Y. G. Yuri Georgievich, Artemenko S. N. Sergey Nikolaevihc, Chumerin P. Yu., Shpuntov R. V.
סיכום:В фонде НТБ ТПУ отсутствует
שפה:אנגלית
יצא לאור: 2004
נושאים:
פורמט: Book Chapter
KOHA link:https://koha.lib.tpu.ru/cgi-bin/koha/opac-detail.pl?biblionumber=595756

MARC

LEADER 00000naa0a2200000 4500
001 595756
005 20250314153200.0
035 |a (RuTPU)RU\TPU\tpu\17478 
035 |a RU\TPU\tpu\17475 
090 |a 595756 
100 |a 20100507d2004 k||y0rusy50 ba 
101 0 |a eng 
102 |a RU 
200 0 |a Development of high power microwave compressors   |f S. A. Novikov [et al.] 
333 |a В фонде НТБ ТПУ отсутствует 
461 |t Instruments and Experimental Techniques  
463 |t № 3  |v P. 372-375  |d 2004 
610 1 |a труды учёных ТПУ 
701 1 |a Novikov  |b S. A.  |c specialist in electrical engineering  |c Professor of Tomsk Polytechnic University, doctor of physical and mathematical sciences  |f 1949-  |g Sergey Avtonomovich  |3 (RuTPU)RU\TPU\pers\32424  |9 16373 
701 1 |a Yushkov  |b Y. G.  |c electrophysicist  |c Professor of Tomsk Polytechnic University, Doctor of technical sciences  |f 1937-  |g Yuri Georgievich  |3 (RuTPU)RU\TPU\pers\25936  |4 070  |9 11786 
701 1 |a Artemenko  |b S. N.  |c physicist  |c Leading researcher of Tomsk Polytechnic University, Doctor of physical and mathematical science  |f 1951-  |g Sergey Nikolaevihc  |3 (RuTPU)RU\TPU\pers\31801 
701 1 |a Chumerin  |b P. Yu.  |4 070 
701 1 |a Shpuntov  |b R. V.  |4 070 
801 0 |a RU  |b 63413507  |c 20011210  |g PSBO 
801 2 |a RU  |b 63413507  |c 20140617  |g PSBO 
942 |c CR